000 00444nam a2200181Ia 4500
001 12864
005 20260306163012.0
008 260306t2014||||xx |||||||||||||| ||spa||
041 _aESP
082 _aRD 412
_bC17
100 _aCalvo Pérez, Julio
_eAUT
245 0 _aDiccionario etimológico de palabras del Perú
260 _c2014
300 _a779 páginas :
_c28 cm.
650 _aGEN
654 _aCHU
942 _cDIC
_dJUS
_fJUS
_2ddc
_n
999 _c12864
_d12864